000 00635nam a2200181 i 4500
001 31496
003 ES-MaACL
007 t|
008 030129s1974 sp ||||1| spa d
100 0 _aBeauvoir, Simone de,
_d1908-1986
_926850
245 1 3 _aLa ceremonia del adiós, seguido de conversaciones con Jean-Paul Sartre
_b: agosto-septiembre 1974 /
_cSimone de Beauvoir ; [traducción de J. Sanjosé Carbajosa].
250 _a[1ª ed.].
260 _a[Barcelona] :
_bEdhasa,
_c[1982]
300 _a549 p. ;
_c20 cm.
700 1 _aSanjosé Carbajosa, J.
_9103156
852 _aES-MaACL
_jL-3922
_bR.104896
999 _c31496
_d31496